<?xml version="1.0" encoding="UTF-8"?>
<record
    xmlns:xsi="http://www.w3.org/2001/XMLSchema-instance"
    xsi:schemaLocation="http://www.loc.gov/MARC21/slim http://www.loc.gov/standards/marcxml/schema/MARC21slim.xsd"
    xmlns="http://www.loc.gov/MARC21/slim">

  <leader>01374aam a2200265 i 4500</leader>
  <datafield tag="952" ind1=" " ind2=" ">
    <subfield code="0">0</subfield>
    <subfield code="1">0</subfield>
    <subfield code="2">ddc</subfield>
    <subfield code="4">0</subfield>
    <subfield code="7">0</subfield>
    <subfield code="8">GEN</subfield>
    <subfield code="a">FUSBC</subfield>
    <subfield code="b">FUSBC</subfield>
    <subfield code="d">2014-06-05</subfield>
    <subfield code="e">Compra</subfield>
    <subfield code="l">0</subfield>
    <subfield code="o"> G 248.4 G974a</subfield>
    <subfield code="p">18414</subfield>
    <subfield code="r">2019-12-12 00:00:00</subfield>
    <subfield code="t">Ej. 1</subfield>
    <subfield code="w">2016-01-26</subfield>
    <subfield code="y">BK</subfield>
    <subfield code="B">0</subfield>
    <subfield code="I">INV2023</subfield>
  </datafield>
  <datafield tag="999" ind1=" " ind2=" ">
    <subfield code="c">44855</subfield>
    <subfield code="d">44855</subfield>
  </datafield>
  <controlfield tag="001">18419</controlfield>
  <controlfield tag="003">CO-MdBIC</controlfield>
  <controlfield tag="005">20190509155004.0</controlfield>
  <controlfield tag="008">190507t1999    sp ||||| |||| 00| 0 spa d</controlfield>
  <datafield tag="020" ind1=" " ind2=" ">
    <subfield code="a">193311424X</subfield>
  </datafield>
  <datafield tag="040" ind1=" " ind2=" ">
    <subfield code="a">CO-MdFUSB</subfield>
    <subfield code="b">spa</subfield>
    <subfield code="c">CO-MdFUSB</subfield>
    <subfield code="d">CO-MdFUSBC</subfield>
    <subfield code="e">rda</subfield>
  </datafield>
  <datafield tag="041" ind1=" " ind2=" ">
    <subfield code="a">spa</subfield>
  </datafield>
  <datafield tag="082" ind1=" " ind2=" ">
    <subfield code="2">24</subfield>
    <subfield code="a">248.4</subfield>
    <subfield code="b">G974</subfield>
  </datafield>
  <datafield tag="100" ind1=" " ind2=" ">
    <subfield code="a">Gumbel, Nicky, </subfield>
    <subfield code="e">autor</subfield>
  </datafield>
  <datafield tag="245" ind1="1" ind2="0">
    <subfield code="a">Alpha preguntas de la vida </subfield>
    <subfield code="b">: una oportunidad para explorar el significado de la vida.</subfield>
    <subfield code="c">/ Nicky Gumbel</subfield>
  </datafield>
  <datafield tag="264" ind1=" " ind2="1">
    <subfield code="a">New York : </subfield>
    <subfield code="b">Alpha Am&#xE9;ricas,</subfield>
    <subfield code="c">[1999]</subfield>
  </datafield>
  <datafield tag="300" ind1=" " ind2=" ">
    <subfield code="a">266 p&#xE1;ginas</subfield>
    <subfield code="c">; 20 cm</subfield>
  </datafield>
  <datafield tag="336" ind1=" " ind2=" ">
    <subfield code="a">texto</subfield>
    <subfield code="b">txt</subfield>
    <subfield code="2">rdacontent</subfield>
  </datafield>
  <datafield tag="337" ind1=" " ind2=" ">
    <subfield code="2">rdamedia</subfield>
    <subfield code="a">sin mediaci&#xF3;n</subfield>
    <subfield code="b">n</subfield>
  </datafield>
  <datafield tag="338" ind1=" " ind2=" ">
    <subfield code="2">rdacarrier</subfield>
    <subfield code="a">volumen</subfield>
    <subfield code="b">nc</subfield>
  </datafield>
  <datafield tag="505" ind1="0" ind2=" ">
    <subfield code="a">Pr&#xF3;logo -- Prefacio -- El Cristianismo: &#xBF;aburrido, falso, e irrelevante? -- &#xBF;Qui&#xE9;n es Jes&#xFA;s? -- &#xBF;Por qu&#xE9; muri&#xF3; Jes&#xFA;s? --&#xBF;C&#xF3;mo puedo tener seguridad de mi fe? -- &#xBF;Por qu&#xE9; y c&#xF3;mo debo orar? -- &#xBF;Por qu&#xE9; y c&#xF3;mo debo leer la Biblia? -- &#xBF;C&#xF3;mo nos gu&#xED;a a Dios? -- &#xBF;Qui&#xE9;n es el Esp&#xED;ritu Santo? -- &#xBF;Qu&#xE9; hace el Esp&#xED;ritu Santo? -- &#xBF;C&#xF3;mo puedo ser llenodel Esp&#xED;ritu Santo? -- &#xBF;C&#xF3;mo puedo resistir el mal? -- &#xBF;Por qu&#xB4;r y c&#xF3;mo debemos hablarles a otros? -- &#xBF;Sana Dios hoy en d&#xED;a? -- &#xBF; Y qu&#xE9; de la Iglesia? -- &#xBF;C&#xF3;mo puedo aprovechar al m&#xE1;ximo el resto de mi vida?</subfield>
  </datafield>
  <datafield tag="563" ind1=" " ind2=" ">
    <subfield code="a">R&#xFA;stico</subfield>
  </datafield>
  <datafield tag="650" ind1=" " ind2="0">
    <subfield code="9">19</subfield>
    <subfield code="a">Vida cristiana</subfield>
  </datafield>
  <datafield tag="942" ind1=" " ind2=" ">
    <subfield code="c">BK</subfield>
  </datafield>
</record>
